[Event "Niedersachsen-ch"]
[Site "Verden"]
[Date "2015.01.05"]
[Round "7"]
[White "Tennert, Simon"]
[Black "Hesse, Juergen"]
[Result "1-0"]
[WhiteElo "2132"]
[BlackElo "2025"]
[PlyCount "87"]
[EventDate "2015.01.02"]
[EventType "swiss"]
[EventRounds "7"]
[EventCountry "GER"]
[SourceTitle "EXT 2018"]
[Source "ChessBase"]
[SourceDate "2017.10.13"]
[SourceVersion "1"]
[SourceVersionDate "2017.10.13"]
[SourceQuality "1"]

1. e4 e5 2. Nf3 Nc6 3. Bb5 a6 4. Ba4 Nf6 5. Qe2 b5 6. Bb3 Bc5 7. c3 Qe7 8. 0-0 0-0 9. d3 h6 10. h3 d6 11. Nh4 Kh7 12. Nd2 g6 13. Ndf3 Nh5 14. Bd5 Bd7 15. Qd2 g5 16. Nf5 Qf6 17. Nh2 Rae8 18. Ng4 Qg6 19. Ngxh6 Nf4 20. Bxc6 Bxc6 21. Kh2 Qh5 22. Ng4 Kg6 23. Qd1 Rh8 24. Qf3 Bd7 25. d4 exd4 26. Bxf4 gxf4 27. cxd4 Rxe4 28. Qxe4 Bxf5 29. Qxf4 Bxg4 30. dxc5 Bxh3 31. Kg1 Bg4 32. f3 Qxc5+ 33. Rf2 Be6 34. Rc1 Qh5 35. Re2 Bc4 36. Re7 Qc5+ 37. Qe3 Qh5 38. Qf4 Qc5+ 39. Qe3 Qh5 40. Qe4+ Kg7 41. Re1 Qc5+ 42. Qe3 Qh5 43. Qd4+ Kg6 44. R1e4 1-0

[Event "Niedersachsen-ch"]
[Site "Verden"]
[Date "2015.01.02"]
[Round "2"]
[White "Tonndorf, Matthias"]
[Black "Tennert, Simon"]
[Result "1-0"]
[WhiteElo "2261"]
[BlackElo "2132"]
[PlyCount "87"]
[EventDate "2015.01.02"]
[EventType "swiss"]
[EventRounds "7"]
[EventCountry "GER"]
[SourceTitle "EXT 2018"]
[Source "ChessBase"]
[SourceDate "2017.10.13"]
[SourceVersion "1"]
[SourceVersionDate "2017.10.13"]
[SourceQuality "1"]

1. e4 e5 2. Nf3 Nc6 3. d4 exd4 4. Nxd4 Nf6 5. Nxc6 bxc6 6. e5 Qe7 7. Qe2 Nd5 8. g3 f5 9. Bg2 Qe6 10. 0-0 g6 11. Re1 Bg7 12. Nd2 0-0 13. c4 Nb6 14. Rb1 Ba6 15. b3 Rfe8 16. Bb2 Rab8 17. f4 Qe7 18. Qf2 Bb7 19. c5 Nd5 20. a3 Ba6 21. Qd4 Kh8 22. b4 Qf7 23. Nf3 h6 24. h3 Bb5 25. Qd2 Bc4 26. Nd4 Ne7 27. Nc2 Be6 28. Kh2 Kh7 29. Nd4 Bd5 30. Nf3 Be6 31. Rbc1 Bd5 32. Qd3 a5 33. Bc3 a4 34. Bb2 Rb5 35. Qd1 Bxf3 36. Bxf3 g5 37. Bh5 Ng6 38. Qxa4 gxf4 39. gxf4 Qa2 40. Qc2 Rf8 41. Bxg6+ Kxg6 42. Rg1+ Kh7 43. Rxg7+ Kxg7 44. e6+ 1-0

[Event "Dresden ZMD op 23rd"]
[Site "Dresden"]
[Date "2014.08.20"]
[Round "6"]
[White "Tennert, Simon"]
[Black "Martin, Julian"]
[Result "1-0"]
[WhiteElo "2153"]
[BlackElo "2052"]
[PlyCount "139"]
[EventDate "2014.08.15"]
[EventType "swiss"]
[EventRounds "9"]
[EventCountry "GER"]
[SourceTitle "CBM 161 Extra"]
[Source "ChessBase"]
[SourceDate "2014.08.29"]
[SourceVersion "1"]
[SourceVersionDate "2014.08.29"]
[SourceQuality "1"]

1. e4 c5 2. Nf3 Nc6 3. d4 cxd4 4. Nxd4 e5 5. Nb5 d6 6. N1c3 a6 7. Na3 b5 8. Nd5 Nge7 9. c4 Nxd5 10. exd5 Nd4 11. Be3 Nf5 12. Bd2 Be7 13. Bd3 0-0 14. 0-0 Bf6 15. Bc3 Ne7 16. Kh1 Rb8 17. Qd2 bxc4 18. Bxc4 Ng6 19. Nc2 Bg5 20. Qd1 Bf4 21. g3 Bg5 22. Nb4 Ra8 23. Nc6 Qd7 24. Qh5 Bf6 25. Bd3 Re8 26. Be4 Be7 27. Bg2 f5 28. f4 e4 29. Nd4 Bf6 30. Ne6 Bxc3 31. bxc3 Nf8 32. Qxf5 Nxe6 33. dxe6 Qxe6 34. Qxe6+ Rxe6 35. Rab1 Bd7 36. Rfd1 Bc6 37. Rb6 d5 38. Kg1 a5 39. c4 dxc4 40. Bf1 Kf8 41. Bxc4 Rf6 42. Kf2 Rc8 43. Ba6 Re8 44. Ke3 Ke7 45. Bb5 Rc8 46. Bxc6 Rfxc6 47. Rxc6 Rxc6 48. Rd4 Kf6 49. Kxe4 Rc2 50. Ra4 Rxh2 51. Rxa5 Rd2 52. Ra6+ Kf7 53. g4 Rb2 54. a3 Rc2 55. a4 Ra2 56. Kf5 Ra1 57. Ra7+ Kf8 58. Ra5 Kf7 59. Ra7+ Kf8 60. g5 Ra2 61. a5 Ra1 62. a6 Ra2 63. Ke6 Re2+ 64. Kd6 Rd2+ 65. Kc7 Rd4 66. Kc6 Rxf4 67. Rb7 Rf1 68. a7 Rc1+ 69. Kd5 Rd1+ 70. Ke4 1-0

[Event "GER-ch U18"]
[Site "Magdeburg"]
[Date "2014.06.14"]
[Round "9"]
[White "Ruff, Maximilian"]
[Black "Tennert, Simon"]
[Result "1-0"]
[WhiteElo "2174"]
[BlackElo "2215"]
[PlyCount "65"]
[EventDate "2014.06.08"]
[EventType "swiss"]
[EventRounds "9"]
[EventCountry "GER"]
[SourceTitle "CBM 160 Extra"]
[Source "ChessBase"]
[SourceDate "2014.07.01"]
[SourceVersion "1"]
[SourceVersionDate "2014.07.01"]
[SourceQuality "1"]

1. e4 e5 2. Nf3 Nc6 3. Bc4 Nf6 4. d3 Bc5 5. c3 a6 6. Bb3 Ba7 7. 0-0 d6 8. Nbd2 Ne7 9. Re1 Ng6 10. Nf1 0-0 11. Ng3 c6 12. h3 h6 13. d4 Re8 14. Qc2 Qc7 15. Be3 c5 16. a3 b5 17. Rad1 Bb7 18. d5 c4 19. Ba2 Bc8 20. Bb1 Qd8 21. Qd2 Nd7 22. Bc2 Nc5 23. Nh5 Kh7 24. Kh2 Nh4 25. Rg1 Nxf3+ 26. gxf3 Qh4 27. Rxg7+ Kh8 28. Rg3 Qxh5 29. Bxh6 Bd7 30. Bg7+ Kh7 31. Rdg1 f6 32. Bxf6 Rg8 33. Rg7+ 1-0

[Event "GER-ch U18"]
[Site "Magdeburg"]
[Date "2014.06.11"]
[Round "6"]
[White "Schreiber, Kevin"]
[Black "Tennert, Simon"]
[Result "1-0"]
[WhiteElo "2020"]
[BlackElo "2215"]
[PlyCount "81"]
[EventDate "2014.06.08"]
[EventType "swiss"]
[EventRounds "9"]
[EventCountry "GER"]
[SourceTitle "CBM 160 Extra"]
[Source "ChessBase"]
[SourceDate "2014.07.01"]
[SourceVersion "1"]
[SourceVersionDate "2014.07.01"]
[SourceQuality "1"]

1. d4 Nf6 2. Nf3 c5 3. e3 d5 4. b3 cxd4 5. exd4 Nc6 6. Bd3 Bg4 7. c3 e6 8. 0-0 Qc7 9. Nbd2 Bd6 10. Qe1 0-0 11. c4 dxc4 12. bxc4 Nb4 13. Bb1 Bxf3 14. gxf3 Nc6 15. Bb2 Qa5 16. c5 Bf4 17. Ne4 Nd5 18. Qxa5 Nxa5 19. Bd3 Nc6 20. a3 Rfd8 21. Rfd1 Nde7 22. Bc4 Rd7 23. Rd3 Rad8 24. Rad1 Kf8 25. Ng3 Bb8 26. Ne2 a6 27. Kg2 Nd5 28. Bc1 h6 29. h4 Ke7 30. Be3 e5 31. Bxd5 Rxd5 32. Nc3 R5d7 33. d5 Nd4 34. Bxd4 exd4 35. Rxd4 Be5 36. Re1 Kf6 37. Ne4+ Kf5 38. Rb4 Rxd5 39. Rxb7 R8d7 40. Rb6 Bd4 41. Ng3+ 1-0

[Event "GER-ch U18"]
[Site "Magdeburg"]
[Date "2014.06.10"]
[Round "4"]
[White "Stahnecker, Ludwig"]
[Black "Tennert, Simon"]
[Result "1-0"]
[WhiteElo "2121"]
[BlackElo "2215"]
[PlyCount "75"]
[EventDate "2014.06.08"]
[EventType "swiss"]
[EventRounds "9"]
[EventCountry "GER"]
[SourceTitle "CBM 160 Extra"]
[Source "ChessBase"]
[SourceDate "2014.07.01"]
[SourceVersion "1"]
[SourceVersionDate "2014.07.01"]
[SourceQuality "1"]

1. e4 e5 2. Nf3 Nc6 3. Bb5 f5 4. d3 fxe4 5. dxe4 Nf6 6. Bg5 d6 7. Nc3 Be7 8. 0-0 0-0 9. Nd5 Nxd5 10. Qxd5+ Kh8 11. Bxc6 bxc6 12. Bxe7 Qxe7 13. Qxc6 Rb8 14. Qc3 Rf4 15. Nd2 Ba6 16. Rfe1 Qf7 17. f3 g5 18. Re3 Rg8 19. Qa5 Bc8 20. Rf1 g4 21. g3 Rf6 22. Rc3 c6 23. Rf2 c5 24. b4 h5 25. bxc5 d5 26. c6 h4 27. Qxd5 Be6 28. Qxe5 Rg7 29. c7 Bc8 30. f4 Rh6 31. Nf1 hxg3 32. Nxg3 Rh3 33. f5 Qxa2 34. Rd3 Qb1+ 35. Kg2 Kg8 36. Rd8+ Kf7 37. Qe8+ Kf6 38. Rd6+ 1-0

[Event "GER-ch U18"]
[Site "Magdeburg"]
[Date "2014.06.08"]
[Round "2"]
[White "Powierski, Emil"]
[Black "Tennert, Simon"]
[Result "1-0"]
[WhiteElo "2289"]
[BlackElo "2215"]
[PlyCount "103"]
[EventDate "2014.06.08"]
[EventType "swiss"]
[EventRounds "9"]
[EventCountry "GER"]
[SourceTitle "CBM 160 Extra"]
[Source "ChessBase"]
[SourceDate "2014.07.01"]
[SourceVersion "1"]
[SourceVersionDate "2014.07.01"]
[SourceQuality "1"]

1. e4 e5 2. Nf3 Nc6 3. Bb5 Nf6 4. 0-0 Bc5 5. Nxe5 Nxe5 6. d4 Nxe4 7. dxc5 Qe7 8. Qd4 a6 9. Qxe4 axb5 10. Nc3 c6 11. Re1 f6 12. Kh1 Kf7 13. Qd4 Qe6 14. Ne4 h6 15. Nd6+ Kg8 16. Bf4 Qd5 17. Bxe5 fxe5 18. Qg4 Qxc5 19. Qg6 Qd5 20. Rad1 Qe6 21. Qg3 Kh7 22. Rxe5 Qg6 23. Qb3 Ra4 24. Re3 Rf8 25. f3 Rh4 26. Qd3 Rhf4 27. Qxg6+ Kxg6 28. Kg1 b6 29. Re7 Ba6 30. Rxd7 b4 31. Ra7 Bc4 32. a3 bxa3 33. Rxa3 Bd5 34. Ra7 R4f6 35. Rd7 Be6 36. Re7 Rd8 37. Rd2 Bg8 38. Ne4 Rxd2 39. Nxd2 Rd6 40. Re2 c5 41. Kf2 Rd4 42. Ne4 Rb4 43. c3 Ra4 44. Rd2 Ra1 45. Rd6+ Kf5 46. Rxb6 c4 47. Ng3+ Ke5 48. Nh5 Rb1 49. Nxg7 Bh7 50. Re6+ Kf4 51. g3+ Kg5 52. h4# 1-0

[Event "Niedersachsen-ch U18"]
[Site "Norderney"]
[Date "2014.04.17"]
[Round "8"]
[White "Tennert, Simon"]
[Black "Rosin, Julius"]
[Result "1-0"]
[WhiteElo "2191"]
[BlackElo "1876"]
[PlyCount "61"]
[EventDate "2014.04.??"]
[EventType "swiss"]
[EventRounds "9"]
[EventCountry "GER"]
[SourceTitle "EXT 2017"]
[Source "ChessBase"]
[SourceDate "2016.10.25"]
[SourceVersion "1"]
[SourceVersionDate "2016.10.25"]
[SourceQuality "1"]

1. e4 e5 2. d4 exd4 3. Nf3 Nf6 4. e5 Ne4 5. Qxd4 d5 6. exd6 Nxd6 7. Bg5 Nc6 8. Qe3+ Be7 9. Nc3 Be6 10. 0-0-0 0-0 11. Bd3 Re8 12. Bxe7 Qxe7 13. Qf4 h6 14. Rhe1 Na5 15. Nd4 Ndc4 16. Qe4 g6 17. a3 Qc5 18. Na4 Qg5+ 19. f4 Qh4 20. Nf3 Qf6 21. Qd4 Qe7 22. f5 gxf5 23. Bxf5 b5 24. Bxe6 fxe6 25. Nc5 e5 26. Qg4+ Kh8 27. Rd7 Qf6 28. Ne4 Qf4+ 29. Qxf4 exf4 30. Nf6 Rxe1+ 31. Nxe1 1-0

[Event "Niedersachsen-ch U18"]
[Site "Norderney"]
[Date "2014.04.13"]
[Round "3"]
[White "Tennert, Simon"]
[Black "Voege, Tobias"]
[Result "1-0"]
[WhiteElo "2191"]
[BlackElo "1979"]
[PlyCount "37"]
[EventDate "2014.04.??"]
[EventType "swiss"]
[EventRounds "9"]
[EventCountry "GER"]
[SourceTitle "EXT 2017"]
[Source "ChessBase"]
[SourceDate "2016.10.25"]
[SourceVersion "1"]
[SourceVersionDate "2016.10.25"]
[SourceQuality "1"]

1. Nf3 c5 2. c4 g6 3. g3 Bg7 4. Bg2 d6 5. 0-0 e6 6. d4 Qc7 7. Nc3 a6 8. dxc5 dxc5 9. Bf4 e5 10. Nd5 Qd6 11. Bg5 Kf8 12. Qb3 Nd7 13. Rfd1 f5 14. Bd8 Ra7 15. Ng5 h6 16. Nc7 Qxd1+ 17. Qxd1 hxg5 18. Qd6+ Kf7 19. Bd5# 1-0

[Event "Niedersachsen-ch U18"]
[Site "Norderney"]
[Date "2014.04.12"]
[Round "1"]
[White "Tennert, Simon"]
[Black "Remmert, Julian"]
[Result "1-0"]
[WhiteElo "2191"]
[BlackElo "1775"]
[PlyCount "143"]
[EventDate "2014.04.??"]
[EventType "swiss"]
[EventRounds "9"]
[EventCountry "GER"]
[SourceTitle "EXT 2017"]
[Source "ChessBase"]
[SourceDate "2016.10.25"]
[SourceVersion "1"]
[SourceVersionDate "2016.10.25"]
[SourceQuality "1"]

1. e4 c5 2. Nf3 d6 3. d4 cxd4 4. Nxd4 Nf6 5. Nc3 g6 6. h3 Bg7 7. Bc4 Nc6 8. Nf3 0-0 9. 0-0 a6 10. Re1 b5 11. Bb3 Bb7 12. Nd5 Na5 13. c3 Rc8 14. Bg5 Bxd5 15. Bxd5 Qb6 16. Re2 e6 17. Bb3 Rfd8 18. Qd2 Nc4 19. Qf4 e5 20. Qh4 d5 21. Bxc4 Rxc4 22. Nxe5 Rxe4 23. Rxe4 dxe4 24. Ng4 Rd6 25. Nh6+ Kf8 26. Be3 Qc6 27. Qf4 Qc7 28. Ng4 Nd5 29. Qxe4 f5 30. Qf3 Nxe3 31. Nxe3 Kg8 32. Rd1 Be5 33. Rxd6 Qxd6 34. Qd5+ Kf8 35. Kf1 Qxd5 36. Nxd5 a5 37. Ke2 Kf7 38. Kd3 Ke6 39. Ne3 Kd6 40. a4 Kc5 41. axb5 Kxb5 42. Nc4 Bf4 43. Kd4 a4 44. g3 Bc1 45. Kd5 Bxb2 46. Nd6+ Ka6 47. Kc4 Bc1 48. f3 Kb6 49. Kb4 Kc6 50. Nc4 Kd5 51. Nb6+ Ke5 52. Nxa4 h5 53. Nc5 Be3 54. Nd3+ Kf6 55. Nf4 Bf2 56. Ne2 h4 57. gxh4 Bxh4 58. c4 Kg5 59. c5 Kh5 60. c6 Bd8 61. Nf4+ Kh4 62. Kc5 Bc7 63. Nxg6+ Kxh3 64. f4 Kg4 65. Kd5 Bb8 66. Ke6 Bc7 67. Kd7 Bxf4 68. Nxf4 Kxf4 69. c7 Kg3 70. c8Q f4 71. Qc1 f3 72. Qf1 1-0

[Event "Niedersachsen-ch"]
[Site "Verden"]
[Date "2014.01.04"]
[Round "5"]
[White "Tennert, Simon"]
[Black "Plischki, Sebastian"]
[Result "1-0"]
[WhiteElo "2156"]
[BlackElo "2440"]
[PlyCount "53"]
[EventDate "2014.01.02"]
[EventType "swiss"]
[EventRounds "7"]
[EventCountry "GER"]
[SourceTitle "EXT 2016"]
[Source "ChessBase"]
[SourceDate "2015.10.08"]
[SourceVersion "1"]
[SourceVersionDate "2015.10.08"]
[SourceQuality "1"]

1. e4 e6 2. d4 d5 3. Nc3 Nf6 4. e5 Nfd7 5. f4 c5 6. Nf3 Nc6 7. Be3 Be7 8. Qd2 0-0 9. Be2 b6 10. 0-0 Bb7 11. Nd1 cxd4 12. Nxd4 Nxd4 13. Bxd4 Nc5 14. Nf2 Rc8 15. c3 Qd7 16. Qe3 Ba6 17. Bxa6 Nxa6 18. Ng4 Kh8 19. f5 exf5 20. Nh6 Nc5 21. Nxf5 Ne6 22. Rf2 Rc6 23. Raf1 Kg8 24. Qg3 Bg5 25. h4 g6 26. Qxg5 Nxg5 27. Nh6+ 1-0

[Event "GER-chT Lands U20"]
[Site "Hannover"]
[Date "2013.10.06"]
[Round "7.2"]
[White "Tennert, Simon"]
[Black "Heinemann, Josefine"]
[Result "1-0"]
[WhiteElo "2192"]
[BlackElo "2011"]
[PlyCount "71"]
[EventDate "2013.10.02"]
[EventType "team-swiss"]
[EventRounds "7"]
[EventCountry "GER"]
[SourceTitle "EXT 2014"]
[Source "ChessBase"]
[SourceDate "2013.11.20"]
[SourceVersion "1"]
[SourceVersionDate "2013.11.20"]
[SourceQuality "1"]
[WhiteTeam "Niedersachsen"]
[BlackTeam "Sachsen Anhalt"]
[WhiteTeamCountry "GER"]
[BlackTeamCountry "GER"]

1. e4 c5 2. Nf3 e6 3. d4 cxd4 4. Nxd4 Nc6 5. Nc3 Qc7 6. Be3 a6 7. Qd2 Nf6 8. 0-0-0 Be7 9. f3 h5 10. Nxc6 bxc6 11. Na4 c5 12. c4 d6 13. Bf4 e5 14. Bg5 Be6 15. h4 Rb8 16. Nc3 Qa5 17. Qc2 Rb7 18. Bxf6 gxf6 19. Be2 Rg8 20. g4 Bf8 21. Kb1 hxg4 22. fxg4 Bxg4 23. Bxg4 Rxg4 24. h5 Rg3 25. Ka1 Bh6 26. Rxd6 Ke7 27. Rd3 Rxd3 28. Qxd3 Rd7 29. Nd5+ Kf8 30. Qh3 Qd8 31. Rg1 Rd6 32. Qf5 Ke8 33. Rg8+ Bf8 34. Qh7 Qa5 35. Rxf8+ Kd7 36. Qxf7+ 1-0

[Event "GER-chT Lands U20"]
[Site "Hannover"]
[Date "2013.10.04"]
[Round "5.2"]
[White "Moehn, Hans"]
[Black "Tennert, Simon"]
[Result "1-0"]
[WhiteElo "2205"]
[BlackElo "2192"]
[PlyCount "106"]
[EventDate "2013.10.02"]
[EventType "team-swiss"]
[EventRounds "7"]
[EventCountry "GER"]
[SourceTitle "EXT 2014"]
[Source "ChessBase"]
[SourceDate "2013.11.20"]
[SourceVersion "1"]
[SourceVersionDate "2013.11.20"]
[SourceQuality "1"]
[WhiteTeam "Sachsen"]
[BlackTeam "Niedersachsen"]
[WhiteTeamCountry "GER"]
[BlackTeamCountry "GER"]

1. Nf3 Nf6 2. c4 e6 3. g3 b6 4. Bg2 Bb7 5. 0-0 c5 6. Nc3 Be7 7. Re1 d6 8. e4 a6 9. d4 cxd4 10. Nxd4 Qc7 11. Be3 Nbd7 12. Rc1 0-0 13. f4 Rac8 14. g4 Qb8 15. g5 Ne8 16. b3 Qa8 17. Bf2 g6 18. h4 Ng7 19. Qg4 Rfd8 20. f5 Ne5 21. Qh3 gxf5 22. exf5 Bxg2 23. Qxg2 Qxg2+ 24. Kxg2 Bf8 25. Red1 Ng4 26. f6 Nh5 27. Bg1 Ne5 28. Nf3 Nf4+ 29. Kg3 Nfd3 30. Rc2 b5 31. Nxe5 Nxe5 32. cxb5 axb5 33. Rdd2 b4 34. Na4 d5 35. Bb6 Re8 36. Be3 Nd7 37. Kf3 Bd6 38. Ke2 Rxc2 39. Rxc2 e5 40. Rc6 Bb8 41. Nb6 Nxb6 42. Rxb6 d4 43. Bd2 e4 44. Rxb4 d3+ 45. Kd1 Ba7 46. Rb7 Bf2 47. Re7 Kf8 48. Be1 Bxe1 49. Rxe8+ Kxe8 50. Kxe1 e3 51. a4 Kd7 52. a5 Kc6 53. a6 Kd5 1-0

[Event "GER-chT Lands U20"]
[Site "Hannover"]
[Date "2013.10.02"]
[Round "1.2"]
[White "Kyas, Philipp"]
[Black "Tennert, Simon"]
[Result "1/2-1/2"]
[WhiteElo "2061"]
[BlackElo "2192"]
[PlyCount "106"]
[EventDate "2013.10.02"]
[EventType "team-swiss"]
[EventRounds "7"]
[EventCountry "GER"]
[SourceTitle "EXT 2014"]
[Source "ChessBase"]
[SourceDate "2013.11.20"]
[SourceVersion "1"]
[SourceVersionDate "2013.11.20"]
[SourceQuality "1"]
[WhiteTeam "Niedersachsen II"]
[BlackTeam "Niedersachsen"]
[WhiteTeamCountry "GER"]
[BlackTeamCountry "GER"]

1. d4 Nf6 2. c4 c5 3. d5 e6 4. Nc3 exd5 5. cxd5 d6 6. Nf3 g6 7. Bf4 a6 8. a4 Bg7 9. e3 0-0 10. Be2 Qe7 11. Nd2 Nbd7 12. 0-0 Rb8 13. Nc4 Ne8 14. Qc2 f5 15. Rae1 Ne5 16. Bxe5 Bxe5 17. f4 Bg7 18. Bf3 Qd8 19. a5 Nf6 20. Qb3 Re8 21. Qb6 Qxb6 22. axb6 Bf8 23. e4 fxe4 24. Nxe4 Nxe4 25. Bxe4 Bd7 26. b3 Bb5 27. f5 Bxc4 28. bxc4 gxf5 29. Bxf5 Rxe1 30. Rxe1 a5 31. Bd7 Bg7 32. Re8+ Rxe8 33. Bxe8 Bf6 34. Bc6 Bd8 35. Bb5 Bxb6 36. Kf2 Kf7 37. Kf3 Kg6 38. g4 Bd8 39. Kg3 h6 40. Ba4 Bg5 41. h4 Bd2 42. Kf3 Kf6 43. Ke4 Be1 44. h5 Kg5 45. Kf3 Bd2 46. Bb5 Kh4 47. Bd7 b6 48. Ke4 Kg3 49. Kd3 Bg5 50. Kc2 Kf3 51. Kb3 Ke4 52. Be8 Kf4 53. Bd7 Ke4 1/2-1/2

[Event "Pardubice Czech op-A 24th"]
[Site "Pardubice"]
[Date "2013.07.27"]
[Round "9"]
[White "Adamek, Jiri"]
[Black "Tennert, Simon"]
[Result "1-0"]
[WhiteElo "2290"]
[BlackElo "2147"]
[PlyCount "115"]
[EventDate "2013.07.19"]
[EventType "swiss"]
[EventRounds "9"]
[EventCountry "CZE"]
[SourceTitle "CBM 155 Extra"]
[Source "ChessBase"]
[SourceDate "2013.08.26"]
[SourceVersion "1"]
[SourceVersionDate "2013.08.26"]
[SourceQuality "1"]

1. Nf3 Nf6 2. c4 c5 3. Nc3 e6 4. g3 b6 5. Bg2 Bb7 6. 0-0 Be7 7. b3 0-0 8. Bb2 d6 9. d4 cxd4 10. Qxd4 a6 11. Rfd1 Nbd7 12. Ng5 Qc7 13. Bxb7 Qxb7 14. Nge4 Ne8 15. Rac1 b5 16. Nd2 Nc5 17. b4 Bf6 18. Qe3 Nd7 19. a3 bxc4 20. Nxc4 d5 21. Na5 Qb6 22. Qd2 Nd6 23. Na4 Qb5 24. Nc3 Qb8 25. e4 Ne5 26. Qe2 d4 27. Na4 Nb5 28. f4 d3 29. Qg2 Qa7+ 30. Nc5 Nf3+ 31. Kh1 d2 32. Rb1 Bxb2 33. Rxb2 Nc3 34. Qxf3 Nxd1 35. Qxd1 Qc7 36. Rxd2 Rfd8 37. Rd7 Qb6 38. Nab7 Rxd7 39. Qxd7 Qb5 40. Qd3 h6 41. Kg2 Qb6 42. Qd4 Rb8 43. Qd7 Kh7 44. Kf3 Ra8 45. Ke2 Rb8 46. Kd3 Ra8 47. Kc3 Ra7 48. a4 a5 49. b5 Rxb7 50. Nxb7 Qe3+ 51. Qd3 Qb6 52. e5+ g6 53. Qe4 Qg1 54. Nxa5 Qc1+ 55. Kb3 Qd1+ 56. Qc2 Qd5+ 57. Nc4 Qc5 58. Qd3 1-0

[Event "GER-ch U16"]
[Site "Oberhof"]
[Date "2013.05.21"]
[Round "5"]
[White "Tennert, Simon"]
[Black "Walter, Kevin"]
[Result "1-0"]
[WhiteElo "2148"]
[BlackElo "1931"]
[PlyCount "73"]
[EventDate "2013.05.19"]
[EventType "swiss"]
[EventRounds "9"]
[EventCountry "GER"]
[SourceTitle "CBM 154 Extra"]
[Source "ChessBase"]
[SourceDate "2013.06.25"]
[SourceVersion "2"]
[SourceVersionDate "2013.06.25"]
[SourceQuality "1"]

1. e4 c5 2. Nf3 d6 3. d4 cxd4 4. Nxd4 Nf6 5. Nc3 a6 6. Be3 e6 7. Qd2 b5 8. f3 Nbd7 9. g4 h6 10. 0-0-0 Bb7 11. Rg1 b4 12. Nb1 d5 13. h4 g5 14. hxg5 hxg5 15. exd5 Bxd5 16. Bxg5 Be7 17. Be3 Rc8 18. g5 Nh5 19. Bxa6 Ra8 20. Bd3 Rxa2 21. g6 f5 22. Qh2 Ndf6 23. Bb5+ Kf8 24. g7+ Kf7 25. gxh8Q Qxh8 26. Rh1 Ra1 27. Nc6 Bxc6 28. Bxc6 Qc8 29. Bb5 b3 30. Bd4 Ra5 31. Bd3 Qd7 32. Bc4 Bd6 33. Bxf6 Bf4+ 34. Qxf4 Qxd1+ 35. Kxd1 Nxf4 36. Bc3 Ra1 37. Kd2 1-0

[Event "Niedersachsen-ch U16"]
[Site "Rotenburg"]
[Date "2013.03.29"]
[Round "9"]
[White "Tennert, Simon"]
[Black "Remmert, Julian"]
[Result "1-0"]
[WhiteElo "2150"]
[BlackElo "1540"]
[PlyCount "119"]
[EventDate "2013.03.23"]
[EventType "swiss"]
[EventRounds "9"]
[EventCountry "GER"]
[SourceTitle "EXT 2015"]
[Source "ChessBase"]
[SourceDate "2014.11.20"]
[SourceVersion "1"]
[SourceVersionDate "2014.11.20"]
[SourceQuality "1"]

1. e4 c5 2. Nf3 d6 3. d4 cxd4 4. Nxd4 Nf6 5. Nc3 g6 6. Bc4 Bg7 7. 0-0 Nc6 8. Nf3 0-0 9. h3 a6 10. Re1 b5 11. Bb3 Bb7 12. Nd5 Na5 13. Bg5 Nxd5 14. exd5 Re8 15. c3 Qc7 16. Re2 Rad8 17. Qd2 Rd7 18. Rae1 Kf8 19. Qd3 Nc4 20. Bc1 Qc5 21. Rd1 Ne5 22. Qe3 Qxe3 23. fxe3 Nxf3+ 24. gxf3 e6 25. e4 e5 26. a4 f5 27. Be3 Rc8 28. Ra1 f4 29. Bf2 Bf6 30. axb5 axb5 31. Ree1 Bd8 32. Ra7 Ra8 33. Rxa8 Bxa8 34. Ra1 Bb7 35. Bc2 Bc8 36. Kg2 Rc7 37. Bd3 Bd7 38. Ra8 Rc8 39. Rxc8 Bxc8 40. Bxb5 g5 41. Bc6 h5 42. b4 g4 43. hxg4 hxg4 44. fxg4 Bxg4 45. b5 Be2 46. b6 Bd3 47. Kf3 Ba6 48. b7 Bxb7 49. Bxb7 Be7 50. Bc6 Bd8 51. c4 Bc7 52. Kg4 Kf7 53. c5 Ke7 54. Kf5 Bb8 55. Bb5 Bc7 56. c6 Ba5 57. Ba7 Bc7 58. Ba6 Kf7 59. Be2 Ke7 60. Bh5 1-0

[Event "Niedersachsen-ch U16"]
[Site "Rotenburg"]
[Date "2013.03.24"]
[Round "3"]
[White "Tennert, Simon"]
[Black "Manusina, Nicole"]
[Result "1/2-1/2"]
[WhiteElo "2150"]
[BlackElo "1771"]
[PlyCount "112"]
[EventDate "2013.03.23"]
[EventType "swiss"]
[EventRounds "9"]
[EventCountry "GER"]
[SourceTitle "EXT 2015"]
[Source "ChessBase"]
[SourceDate "2014.11.20"]
[SourceVersion "1"]
[SourceVersionDate "2014.11.20"]
[SourceQuality "1"]

1. e4 d6 2. d4 Nf6 3. Nc3 g6 4. Be3 Bg7 5. Nf3 0-0 6. h3 c6 7. Qd2 Re8 8. Bd3 Qc7 9. 0-0 Nbd7 10. a4 a5 11. Rfe1 e5 12. dxe5 dxe5 13. Nb1 Bf8 14. Bg5 Be7 15. Na3 Nc5 16. Nc4 Nfd7 17. Bxe7 Rxe7 18. Qc3 b6 19. b3 Ba6 20. Rad1 f6 21. Bf1 Rd8 22. Qe3 Kg7 23. Nh4 Bxc4 24. Bxc4 Ne6 25. Qg3 Ng5 26. Qd3 Rde8 27. c3 Nc5 28. Qc2 Rd7 29. Rxd7+ Qxd7 30. b4 axb4 31. cxb4 Nce6 32. a5 bxa5 33. bxa5 Ra8 34. Rd1 Nd4 35. Qd3 Rxa5 36. f4 Nge6 37. fxe5 fxe5 38. Rb1 Nc5 39. Qe3 Ra4 40. Qg5 Qd6 41. Bf1 Qf6 42. Qg3 Ra7 43. Nf5+ Nxf5 44. exf5 Qxf5 45. Rc1 Ne4 46. Qe3 Rf7 47. Bd3 Qf2+ 48. Qxf2 Nxf2 49. Bb1 e4 50. Rxc6 e3 51. Rc1 Rd7 52. Re1 Rd1 53. Kf1 Rxe1+ 54. Kxe1 Nh1 55. Ke2 Ng3+ 56. Kxe3 Nh5 1/2-1/2

[Event "Niedersachsen-ch U16"]
[Site "Rotenburg"]
[Date "2013.03.23"]
[Round "2"]
[White "Beinke, Lukas"]
[Black "Tennert, Simon"]
[Result "1/2-1/2"]
[WhiteElo "1860"]
[BlackElo "2150"]
[PlyCount "69"]
[EventDate "2013.03.23"]
[EventType "swiss"]
[EventRounds "9"]
[EventCountry "GER"]
[SourceTitle "EXT 2015"]
[Source "ChessBase"]
[SourceDate "2014.11.20"]
[SourceVersion "1"]
[SourceVersionDate "2014.11.20"]
[SourceQuality "1"]

1. e4 e5 2. Nf3 Nc6 3. Bc4 Nf6 4. Ng5 d5 5. exd5 Na5 6. Bb5+ c6 7. dxc6 bxc6 8. Qf3 Be7 9. Ba4 0-0 10. Ne4 Nd5 11. d3 f5 12. Nec3 Nb6 13. Bd2 e4 14. dxe4 fxe4 15. Qe2 Qd4 16. Be3 Qe5 17. Nd2 Nxa4 18. Nxa4 Be6 19. 0-0 Bd6 20. f4 exf3 21. Nxf3 Qh5 22. Rf2 Bc4 23. Qd2 Rad8 24. Qc3 Qb5 25. b3 Rxf3 26. Rxf3 Be5 27. bxc4 Nxc4 28. Qb3 Bxa1 29. Bxa7 Rd1+ 30. Rf1 Rxf1+ 31. Kxf1 Qf5+ 32. Bf2 Qd5 33. Qb8+ Kf7 34. Qc7+ Kg8 35. Qb8+ 1/2-1/2

[Event "Niedersachsen-ch U16"]
[Site "Rotenburg"]
[Date "2013.03.23"]
[Round "1"]
[White "Tennert, Simon"]
[Black "Boehm, Jana"]
[Result "1-0"]
[WhiteElo "2150"]
[BlackElo "1684"]
[PlyCount "59"]
[EventDate "2013.03.23"]
[EventType "swiss"]
[EventRounds "9"]
[EventCountry "GER"]
[SourceTitle "EXT 2015"]
[Source "ChessBase"]
[SourceDate "2014.11.20"]
[SourceVersion "1"]
[SourceVersionDate "2014.11.20"]
[SourceQuality "1"]

1. e4 e6 2. d4 d5 3. Nc3 Nf6 4. e5 Nfd7 5. f4 c5 6. Nf3 Nc6 7. Be3 Qb6 8. Na4 Qa5+ 9. c3 cxd4 10. b4 Qc7 11. Nxd4 Nxd4 12. Bxd4 a6 13. Bd3 b5 14. Nb2 Be7 15. 0-0 Bb7 16. Qe2 Nb6 17. f5 exf5 18. e6 f6 19. Bxf5 0-0-0 20. Qf2 Rd6 21. a4 Nc4 22. axb5 axb5 23. Nd3 g6 24. Bh3 Rf8 25. Nc5 Bc6 26. Nd7 f5 27. Nxf8 Bxf8 28. Ra7 Bb7 29. Rfa1 Be7 30. Ra8+ 1-0